Statistics for Real Madrid Squad (2017-2018)

Click here to take the quiz!

General Stats

  • This quiz has been taken 117 times
  • The average score is 16 of 24

Answer Stats

HintAnswer% Correct
9Karim Benzema
99%
4Sergio Ramos
99%
1Keylor Navas
98%
7Cristiano Ronaldo
96%
11Gareth Bale
96%
8Toni Kroos
94%
12Marcelo
92%
10Luka Modric
90%
2Dani Carvajal
89%
5Raphael Varane
89%
14Casemiro
83%
22Isco Alarcon
80%
20Marco Asensio
78%
6Nacho
71%
17Lucas Vazquez
63%
3Jesus Vallejo
48%
23Mateo Kovacic
43%
24Dani Ceballos
42%
19Achraf Hakimi
35%
18Marcos Llorente
30%
21Borja Mayoral
29%
15Theo Hernandez
24%
13Kiko Casilla
20%
30Luca Zidane
10%

Score Distribution

Percentile by Number Answered

Percent of People with Each Score

Your Score History

You have not taken this quiz